Statistics for 15 poorest countries in the world

Click here to take the quiz!

General Stats

  • This quiz has been taken 42 times
  • The average score is 10 of 15

Answer Stats

Answer % Correct
Mali
80%
Mozambique
78%
Malawi
76%
Niger
76%
Central African Republic
73%
Guinea
71%
Togo
68%
Ethiopia
68%
Liberia
66%
Burundi
66%
Guinea bissau
63%
Eritrea
61%
Madagascar
59%
Kiribati
37%
Democratic Republic of Congo
27%

Score Distribution

Percentile by Number Answered

Percent of People with Each Score

Your Score History

You have not taken this quiz